Statistics for NFL Top 100 Players - 2016

Click here to take the quiz!

General Stats

  • This quiz has been taken 3,461 times
  • The average score is 69 of 100

Answer Stats

Rating Team Position Answer % Correct
2New England PatriotsQBTom Brady
100%
1Carolina PanthersQBCam Newton
99%
4Pittsburgh SteelersWRAntonio Brown
98%
3Houston TexansDEJ.J Watt
98%
65Kansas City CheifsCBMarcus Peters
97%
6Green Bay PackersQBAaron Rodgers
97%
64Miami DolphinsSReshad Jones
96%
18Arizona CardinalsCBPatrick Peterson
96%
48New England PatriotsDEChandler Jones
96%
5Minnesota VikingsRBAdrian Peterson
96%
8Atlanta FalconsWRJulio Jones
96%
9New England PatriotsTERob Gronkowski
95%
10New York GiantsWROdell Beckham Jr.
94%
17Seattle SeahawksQBRussel Wilson
93%
12Arizona CardinalsQBCason Palmer
91%
16Cincinatti BenglasWRA.J Green
90%
20Seattle SeahawksCBRichard Sherman
90%
15Denver BroncosLBVon Miller
90%
30New Orleans SaintsQBDrew Brees
89%
66Seattle SeahawksSEarl Thomas
88%
23Cleveland BrownsTJoe Thomas
88%
62Denver BroncosWRDemaryius Thomas
88%
11Washington RedskinsCBJosh Norman
86%
27Arizona CardinalsWRLarry Fitzgerald
86%
22Los Angeles RamsRBTodd Gurley
85%
13Oakland RaidersDEKhalil Mack
84%
73Minnesota VikingsSHarrison Smith
83%
83Jacksonville JaguarsLBTelvin Smith
83%
19Houston TexansWRDeAndre Hopkins
83%
41Pittsburgh SteelersRBLe'Veon Bell
83%
47New York GiantsQBEli Manning
83%
81Kansas City CheifsQBAlex Smith
83%
42Dallas CowboysTTyron Smith
83%
46San Diego ChargersQBPhillip Rivers
82%
51Dallas CowboysWRDez Bryant
81%
35Cincinnati BengalsQBAndy Dalton
81%
100Oakland RaidersQBDerek Carr
80%
7Carolina PanthersLBLuke Kuechly
78%
25New York JetsWRBrandon Marshall
78%
28Arizona CardinalsSTyrann Mathieu
78%
24New York JetsCBDarrelle Revis
78%
14Los Angeles RamsDTAaron Donald
78%
34Denver BroncosCBAqib Talib
77%
38Carolina PanthersTEGreg Olsen
77%
50Atlanta FalconsRBDevonta Freeman
76%
56Jacksonville JaguarsQBBlake Bortles
75%
21Pittsburgh SteelersQBBen Roethlisberger
75%
29Cincinnati BengalsDTGeno Atkins
73%
69Buffalo BillsRBLeSean McCoy
73%
33Tampa Bay BuccaneersRBDoug Martin
73%
92Indianapolis ColtsQBAndrew Luck
73%
63Tampa Bay BuccaneersDTGerald McCoy
73%
85Washington RedskinsQBKirk Cousins
72%
40Miami DolphinsDTNdamukong Suh
71%
32Seattle SeahawksSKam Chancellor
71%
31Jacksonville JaguarsWRAllen Robinson
69%
52Denver BroncosCBChris Harris Jr.
67%
87New England PatriotsWRJulian Edelman
67%
55Kansas City CheifsSEric Berry
66%
75Kansas City CheifsRBJamaal Charles
65%
72Seattle SeahawksWRDoug Baldwin
65%
91Kansas City CheifsTETravis Kelce
64%
74Denver BroncosWREmmanuel Sanders
64%
26Kansas City CheifsLBJustin Houston
63%
98Miami DolphinsWRJarvis Landry
63%
57Green Bay PackersLBClay Matthews
63%
44Cincinnati BengalsTETyler Eifert
61%
77Washington RedskinsTEJordan Reed
60%
86Carolina PanthersRBJonathan Stewart
59%
96Buffalo BillsWRSammy Watkins
59%
54Carolina PanthersLBThomas Davis
58%
37Baltimore RavensGMarshal Yanda
56%
82Tennessee TitansTEDelanie Walker
55%
59Seattle SeahawksDEMichael Bennett
55%
90New York JetsRBMatt Forte
52%
89Jacksonville JaguarsWRAllen Hurns
52%
36Denver BroncosLBDemarcus Ware
52%
68Denver BroncosSTJ Ward
51%
80Kansas City CheifsLBDerrick Johnson
51%
39New York JetsDEMuhammad Wilkerson
51%
49Philadelphia EaglesDTFletcher Cox
50%
76Minnesota VikingsDTLinval Joseph
49%
45Washington RedskinsTTrent Williams
48%
84Kansas City CheifsLBTamba Hali
48%
43Detroit LionsDEEzekiel Ansah
48%
61San Francisco 49ersLBNaVorro Bowman
48%
93Kansas City CheifsWRJeremy Maclin
47%
78Jacksonville JaguarsRBChris Ivory
45%
99New Orleans SaintsDECameron Jordan
43%
94Cleveland BrownsTEGary Barnidge
41%
53Tampa Bay BuccaneersLBLavonte David
39%
97Buffalo BillsGRichie Incognito
38%
71Arizona CardinalsDECalais Campbell
38%
58Carolina PanthersDTKawaan Short
36%
60Oakland RaidersSReggie Nelson
35%
79Carolina PanthersCRyan Kalil
34%
67Cincinnati BengalsTAndrew Whitworth
30%
88Pittsburgh SteelersDECameron Heyward
28%
70Cincinnati BengalsDECarlos Dunlap
28%
95Green Bay PackersDTMike Daniels
26%

Score Distribution

Percentile by Number Answered

Percent of People with Each Score

Your Score History

You have not taken this quiz